Voprosy podzemnoj gidrodinamiki i razrabotki neftejnych i gazovych mestoroždenij.
Uložené v:
| Médium: | Kniha |
|---|---|
| Jazyk: | Russian |
| Vydané: |
Leningrad :
Gostoptechizdat,
1957.
|
| Vydanie: | 1. izd. |
| Edícia: | Trudy - Vsesojuznyj neftegazovyj naučnoissledovannyj institut
vyp. 10 |
| ISBN: |
(viaz.) |
| Fyzický popis: |
360 s. : il., obr. príl. |
| Tagy: |
Pridať tag
Žiadne tagy, Buďte prvý kto otaguje tento záznam!
|
Titul je dostupný aj v ... 

MARC
| LEADER | 00000nam a22000001a 4500 | ||
|---|---|---|---|
| 001 | 000580708 | ||
| 005 | 20180519170452.0 | ||
| 008 | 040728 1957 ru e rus d | ||
| 020 | |a (viaz.) |c Kčs 16,60 | ||
| 040 | |a SVKKK |b slo |c SVKKK |e AACR2 | ||
| 041 | 0 | |a rus | |
| 044 | 0 | |a ru |c RU | |
| 245 | 0 | 0 | |a Voprosy podzemnoj gidrodinamiki i razrabotki neftejnych i gazovych mestoroždenij. |
| 250 | |a 1. izd. | ||
| 260 | |a Leningrad : |b Gostoptechizdat, |c 1957. | ||
| 300 | |a 360 s. : |b il., obr. príl. | ||
| 490 | 1 | |a Trudy - Vsesojuznyj neftegazovyj naučnoissledovannyj institut |v vyp. 10 | |
| 830 | 0 | |a Trudy - Vsesojuznyj neftegazovyj naučnoissledovannyj institut |v vyp. 10 | |
| 910 | |a svkkk | ||
| 998 | |a BK | ||
| 090 | |g SCKHL |k Sklad Pribinova 2. posch. |a III.75045 |j 149088 |i 2720537455 |4 Zastaraná |s Vyradená | ||